Los Misterios de la taberna Kamowaga (Record no. 5048)

MARC details
000 -CABECERA
campo de control de longitud fija 02397cam a2200277 i 4500
001 - NÚMERO DE CONTROL
campo de control 991060995153106706
005 - FECHA Y HORA DE LA ÚLTIMA TRANSACCIÓN
campo de control 20251014174537.0
008 - DATOS DE LONGITUD FIJA--INFORMACIÓN GENERAL
campo de control de longitud fija 230613e202306 spc||||| |||||000 f spa|c
015 ## - NÚMERO DE BIBLIOGRAFÍA NACIONAL
Número de bibliografía nacional LL2023
Fuente bnc
020 ## - NÚMERO INTERNACIONAL ESTÁNDAR DEL LIBRO
Número Internacional Estándar del Libro 9788419346025
035 ## - NÚMERO DE CONTROL DEL SISTEMA
Número de control de sistema (OCoLC)1439362115
040 ## - FUENTE DE LA CATALOGACIÓN
Centro catalogador/agencia de origen ES-BaUB
Lengua de catalogación cat
Normas de descripción rda
Centro/agencia transcriptor ES-BaUB
Centro/agencia modificador ES-BaBC
041 1# - CÓDIGO DE LENGUA
Código de lengua del texto/banda sonora o título independiente spa
Código de lengua original jpn
100 ## - ENTRADA PRINCIPAL--NOMBRE DE PERSONA
Nombre de persona Kashiwai, Hisashi
Fechas asociadas al nombre 1952-
Término indicativo de función/relación author
9 (RLIN) 26167
240 10 - TÍTULO UNIFORME
Título uniforme Kamogawa shokudō gochisō.
Lenguaje de la obra Spanish.
245 14 - MENCIÓN DE TÍTULO
Título Los Misterios de la taberna Kamowaga
Mención de responsabilidad, etc. / Hisashi Kashiwai ; translated by Víctor Illera Kanaya.
250 ## - MENCIÓN DE EDICIÓN
Mención de edición First edition.
260 ## - PUBLICACIÓN, DISTRIBUCIÓN, ETC.
Lugar de publicación, distribución, etc. Barcelona :
Nombre del editor, distribuidor, etc. Salamandra,
Fecha de publicación, distribución, etc. 2023.
300 ## - DESCRIPCIÓN FÍSICA
Extensión 185 pages ;
Dimensiones 22 cm.
500 ## - NOTA GENERAL
Nota general Translation of: Kamogawa shokudō gochisō
520 ## - SUMARIO, ETC.
Sumario, etc. Los misterios de la taberna Kamogawa es una de las novelas más apetitosas que vas a leer jamás. Una historia llena de ternura sobre una pareja de detectives formada por el padre y la hija del Kamogawa Shokudo, un restaurante escondido en Kioto, que siempre está lleno. El éxito entre la clientela radica en que este dúo singular se ha especializado en preparar exactamente el plato que el público anhela y recuerda de su pasado y no es capaz de reproducir o encontrar. Y lo hacen investigando la historia de la persona en cuestión. Kamogawa Koishi y su padre Nagare, antiguo detective, escuchan las confidencias de sus comensales, que anhelan revivir un momento mágico, y recrean los platos cocinados por sus seres queridos, en una novela deliciosa en todos los sentidos.
520 ## - SUMARIO, ETC.
Sumario, etc. The Mysteries of the Kamogawa Tavern is one of the most delightful novels you’ll ever read. It’s a tender story about a father-and-daughter detective duo who run the Kamogawa Shokudo, a hidden restaurant in Kyoto that’s always full. Their secret to success lies in their unique talent for preparing exactly the dish that their customers long for and remember from the past—one they can no longer recreate or find.<br/><br/>To do so, they investigate each person’s story. Kamogawa Koishi and her father Nagare, a former detective, listen to their diners’ confidences as they yearn to relive a magical moment, and they bring to life the dishes once cooked by their loved ones—making this novel a feast for the heart and the senses.
655 #0 - TÉRMINO DE INDIZACIÓN--GÉNERO/FORMA
Datos o término principal de género/forma Cozy mysteries
9 (RLIN) 25814
700 ## - ENTRADA AGREGADA--NOMBRE PERSONAL
Nombre de persona Illera Kanaya, Víctor
Término indicativo de función/relación translator
9 (RLIN) 23420
942 ## - ELEMENTOS DE ENTRADA AGREGADA (KOHA)
Fuente del sistema de clasificación o colocación Clasificación de Library of Congress
Holdings
Estado de retiro Estado de pérdida Fuente del sistema de clasificación o colocación Estado dañado No para préstamo Biblioteca de origen Biblioteca actual Fecha de adquisición Total de préstamos Signatura topográfica completa Código de barras Fecha visto por última vez Número de copia Precio válido a partir de Tipo de ítem Koha
    Clasificación de Library of Congress     TBS Barcelona TBS Barcelona 14/10/2025   P-SP KAS B07690 14/10/2025 1 14/10/2025 Book

Powered by Koha